<?xml version="1.0" encoding="UTF-8"?>
<record
    xmlns:xsi="http://www.w3.org/2001/XMLSchema-instance"
    xsi:schemaLocation="http://www.loc.gov/MARC21/slim http://www.loc.gov/standards/marcxml/schema/MARC21slim.xsd"
    xmlns="http://www.loc.gov/MARC21/slim">

  <leader>00842nam a2200289   4500</leader>
  <controlfield tag="001">3314645</controlfield>
  <controlfield tag="005">20190410153924.0</controlfield>
  <controlfield tag="006">000</controlfield>
  <controlfield tag="007">000</controlfield>
  <controlfield tag="008">000</controlfield>
  <datafield tag="010" ind1=" " ind2=" ">
    <subfield code="a">   84018806 </subfield>
  </datafield>
  <datafield tag="020" ind1=" " ind2=" ">
    <subfield code="a">0486647854 (pbk.)</subfield>
  </datafield>
  <datafield tag="040" ind1=" " ind2=" ">
    <subfield code="a">UOEL</subfield>
    <subfield code="c">DLC</subfield>
    <subfield code="d">DLC</subfield>
  </datafield>
  <datafield tag="050" ind1="0" ind2="0">
    <subfield code="a">TA355</subfield>
    <subfield code="b">.D4 1985</subfield>
  </datafield>
  <datafield tag="082" ind1="0" ind2="0">
    <subfield code="a">620.3</subfield>
    <subfield code="2">19</subfield>
  </datafield>
  <datafield tag="100" ind1="1" ind2=" ">
    <subfield code="a">Den Hartog, J. P.</subfield>
    <subfield code="q">(Jacob Pieter),</subfield>
    <subfield code="d">1901-1989.</subfield>
  </datafield>
  <datafield tag="245" ind1="1" ind2="0">
    <subfield code="a">Mechanical vibrations /</subfield>
    <subfield code="c">J.P. Den Hartog.</subfield>
  </datafield>
  <datafield tag="260" ind1=" " ind2=" ">
    <subfield code="a">New York :</subfield>
    <subfield code="b">Dover Publications,</subfield>
    <subfield code="c">c1985.</subfield>
  </datafield>
  <datafield tag="300" ind1=" " ind2=" ">
    <subfield code="a">xi, 436 p. ;</subfield>
    <subfield code="c">22 cm.</subfield>
  </datafield>
  <datafield tag="440" ind1=" " ind2="0">
    <subfield code="a">Dover books on engineering</subfield>
  </datafield>
  <datafield tag="500" ind1=" " ind2=" ">
    <subfield code="a">Reprint. Originally published: 4th ed. New York : McGraw-Hill, 1956. With a new preface.</subfield>
  </datafield>
  <datafield tag="500" ind1=" " ind2=" ">
    <subfield code="a">Includes index.</subfield>
  </datafield>
  <datafield tag="650" ind1=" " ind2="0">
    <subfield code="a">Vibration.</subfield>
  </datafield>
  <datafield tag="650" ind1=" " ind2="0">
    <subfield code="a">Mechanics, Applied.</subfield>
  </datafield>
  <datafield tag="906" ind1=" " ind2=" ">
    <subfield code="a">7</subfield>
    <subfield code="b">cbc</subfield>
    <subfield code="c">orignew</subfield>
    <subfield code="d">1</subfield>
    <subfield code="e">ocip</subfield>
    <subfield code="f">19</subfield>
    <subfield code="g">y-gencatlg</subfield>
  </datafield>
  <datafield tag="942" ind1=" " ind2=" ">
    <subfield code="2">lcc</subfield>
    <subfield code="c">LL</subfield>
  </datafield>
  <datafield tag="999" ind1=" " ind2=" ">
    <subfield code="c">16701</subfield>
    <subfield code="d">16701</subfield>
  </datafield>
  <datafield tag="952" ind1=" " ind2=" ">
    <subfield code="0">0</subfield>
    <subfield code="1">0</subfield>
    <subfield code="2">lcc</subfield>
    <subfield code="4">0</subfield>
    <subfield code="7">0</subfield>
    <subfield code="a">UOE</subfield>
    <subfield code="b">UOE</subfield>
    <subfield code="c">SHO</subfield>
    <subfield code="d">2019-04-10</subfield>
    <subfield code="l">0</subfield>
    <subfield code="o">TA355 .D4 1985</subfield>
    <subfield code="p">20155692</subfield>
    <subfield code="r">2026-04-27 09:35:07</subfield>
    <subfield code="t">20155692</subfield>
    <subfield code="w">2019-04-10</subfield>
    <subfield code="y">SL2</subfield>
  </datafield>
  <datafield tag="952" ind1=" " ind2=" ">
    <subfield code="0">0</subfield>
    <subfield code="1">0</subfield>
    <subfield code="2">lcc</subfield>
    <subfield code="4">0</subfield>
    <subfield code="7">0</subfield>
    <subfield code="a">UOE</subfield>
    <subfield code="b">UOE</subfield>
    <subfield code="c">SHO</subfield>
    <subfield code="d">2019-04-10</subfield>
    <subfield code="l">0</subfield>
    <subfield code="o">TA355 .D4 1985</subfield>
    <subfield code="p">20155693</subfield>
    <subfield code="r">2026-04-27 09:35:07</subfield>
    <subfield code="t">20155693</subfield>
    <subfield code="w">2019-04-10</subfield>
    <subfield code="y">SL2</subfield>
  </datafield>
  <datafield tag="952" ind1=" " ind2=" ">
    <subfield code="0">0</subfield>
    <subfield code="1">0</subfield>
    <subfield code="2">lcc</subfield>
    <subfield code="4">0</subfield>
    <subfield code="7">0</subfield>
    <subfield code="a">UOE</subfield>
    <subfield code="b">UOE</subfield>
    <subfield code="c">SHO</subfield>
    <subfield code="d">2019-04-10</subfield>
    <subfield code="l">0</subfield>
    <subfield code="o">TA355 .D4 1985</subfield>
    <subfield code="p">20155694</subfield>
    <subfield code="r">2026-04-27 09:35:08</subfield>
    <subfield code="t">20155694</subfield>
    <subfield code="w">2019-04-10</subfield>
    <subfield code="y">SL2</subfield>
  </datafield>
  <datafield tag="952" ind1=" " ind2=" ">
    <subfield code="0">0</subfield>
    <subfield code="1">0</subfield>
    <subfield code="2">lcc</subfield>
    <subfield code="4">0</subfield>
    <subfield code="7">0</subfield>
    <subfield code="a">UOE</subfield>
    <subfield code="b">UOE</subfield>
    <subfield code="c">SHO</subfield>
    <subfield code="d">2019-04-10</subfield>
    <subfield code="l">0</subfield>
    <subfield code="o">TA355 .D4 1985</subfield>
    <subfield code="p">20155695</subfield>
    <subfield code="r">2026-04-27 09:35:08</subfield>
    <subfield code="t">20155695</subfield>
    <subfield code="w">2019-04-10</subfield>
    <subfield code="y">SL2</subfield>
  </datafield>
  <datafield tag="952" ind1=" " ind2=" ">
    <subfield code="0">0</subfield>
    <subfield code="1">0</subfield>
    <subfield code="2">lcc</subfield>
    <subfield code="4">0</subfield>
    <subfield code="7">0</subfield>
    <subfield code="a">TC</subfield>
    <subfield code="b">TC</subfield>
    <subfield code="c">GEN</subfield>
    <subfield code="d">2019-04-29</subfield>
    <subfield code="o">TA355 .D4 1985</subfield>
    <subfield code="p">20155691</subfield>
    <subfield code="r">2019-04-29 00:00:00</subfield>
    <subfield code="t">20155691</subfield>
    <subfield code="w">2019-04-29</subfield>
    <subfield code="y">LL</subfield>
  </datafield>
</record>
